Stadt, Land, Fluss - Europa - Statistics

General Stats
  • This quiz has been taken 215 times
  • The average score is 29 of 57
Answer Stats
% Correct
Barcelona
88%
Belgien
88%
Albanien
86%
Dänemark
80%
Finnland
79%
Amsterdam
76%
Irland
74%
Estland
73%
Don
72%
Petschora
72%
Lettland
71%
San Marino
71%
Polen
69%
Den Haag
68%
Kosovo
67%
Malta
67%
Rumänien
67%
Griechenland
65%
Hamburg
65%
Niederlande
64%
Leeds
63%
Madrid
63%
Ukraine
63%
Kiew
61%
Vatikan
60%
Rhein
59%
Samara
58%
Warschau
58%
Riga
57%
Ebro
55%
Palermo
55%
Frankfurt
54%
Weißrussland
52%
Odessa
51%
Österreich
51%
Essen
48%
Tschechien
45%
Weichsel
45%
Seine
43%
Inn
40%
Nabereschnyje Tschelny
40%
Oder
38%
Zagreb
34%
Valencia
33%
Charkiw
29%
Genua
29%
Maas
29%
Togliatti
27%
Istanbul
26%
Loire
20%
Tajo
11%
Großer Irgis
10%
Ufa
6%
Belaja
4%
Jaroslawl
3%
Kama
2%
Nördliche Dwina
1%
No matching quizzes found
Score Distribution
Percent of People with Each Score
Percentile by Number Answered
Your Score History
You have not taken this quiz